[Event "DEM U12w 2019"]
[Site "Willingen GER"]
[Date "2019.06.10"]
[Round "3"]
[White "Trunz, Michelle"]
[Black "von Beckh, Frieda"]
[Result "1-0"]
[Termination "normal"]
[Board "9"]
[WhiteElo "1505"]
[BlackElo "1465"]
[WhiteClock "00:17:18"]
[BlackClock "00:06:34"]
[PlyCount "61"]
[WhiteFideId "16227980"]
[BlackFideId "16233751"]
[EventCountry "GER"]
[EventRounds "9"]
[EventType "swiss"]
[EventDate "2019.06.08"]

1. e4 {[%clk 1:30:58]} 1... c5 {[%clk 1:30:52]} 2. Nc3 {[%clk 1:31:23]} 2...
Nc6 {[%clk 1:31:17]} 3. g3 {[%clk 1:31:44]} 3... g6 {[%clk 1:31:37]} 4. Bg2 {
[%clk 1:32:02]} 4... Bg7 {[%clk 1:31:56]} 5. d3 {[%clk 1:32:21]} 5... Nf6 {
[%clk 1:32:18]} 6. Be3 {[%clk 1:32:21]} 6... d6 {[%clk 1:31:56]} 7. h3 { [%clk
1:32:30]} 7... O-O {[%clk 1:30:36]} 8. Qd2 {[%clk 1:32:38]} 8... Re8 { [%clk
1:29:24]} 9. Nge2 {[%clk 1:32:36]} 9... Rb8 {[%clk 1:26:39]} 10. f4 { [%clk
1:32:20]} 10... e5 {[%clk 1:23:35]} 11. O-O {[%clk 1:32:20]} 11... b5 { [%clk
1:16:04]} 12. Nd1 {[%clk 1:31:18]} 12... c4 {[%clk 1:04:15]} 13. f5 { [%clk
1:28:45]} 13... d5 {[%clk 0:58:42]} 14. fxg6 {[%clk 1:20:56]} 14... fxg6 {[%clk
0:58:30]} 15. exd5 {[%clk 1:17:38]} 15... Nxd5 {[%clk 0:56:49]} 16. dxc4 {[%clk
1:14:21]} 16... Nxe3 {[%clk 0:54:15]} 17. Qxe3 {[%clk 1:12:37]} 17... Nd4
{[%clk 0:44:44]} 18. Nxd4 {[%clk 1:07:51]} 18... exd4 {[%clk 0:44:27]} 19. Qf4
{[%clk 1:04:03]} 19... Bf5 {[%clk 0:42:11]} 20. cxb5 {[%clk 0:36:34]} 20... Be5
{[%clk 0:35:27]} 21. Qf2 {[%clk 0:32:28]} 21... d3 {[%clk 0:34:20]} 22. c3
{[%clk 0:32:27]} 22... Qc7 {[%clk 0:30:08]} 23. g4 {[%clk 0:31:19]} 23... Bd7 {
[%clk 0:27:18]} 24. a4 {[%clk 0:29:47]} 24... Rf8 {[%clk 0:25:55]} 25. Qe1 {
[%clk 0:26:24]} 25... Rfe8 {[%clk 0:17:50]} 26. Qd2 {[%clk 0:25:39]} 26... Qd6
{[%clk 0:14:18]} 27. Nf2 {[%clk 0:25:26]} 27... Rbd8 {[%clk 0:08:51]} 28. Rad1
{[%clk 0:24:08]} 28... Qb6 {[%clk 0:08:06]} 29. Qxd3 {[%clk 0:22:41]} 29...
Bxg4 {[%clk 0:06:25]} 30. Qc4+ {[%clk 0:20:06]} 30... Be6 {[%clk 0:06:34]} 31.
Qc6 {[%clk 0:17:18]} 1-0

[Event "DEM U12w 2019"]
[Site "Willingen GER"]
[Date "2019.06.10"]
[Round "3"]
[White "Voigt, Anastasia"]
[Black "Lieberwirth, Nele"]
[Result "1-0"]
[Termination "normal"]
[Board "10"]
[WhiteElo "1447"]
[BlackElo "1385"]
[PlyCount "73"]
[WhiteFideId "16235223"]
[BlackFideId "16259483"]
[EventCountry "GER"]
[EventRounds "9"]
[EventType "swiss"]
[EventDate "2019.06.08"]

1. e4 e5 2. Nf3 Nc6 3. Bc4 Nf6 4. d3 Bc5 5. a3 a6 6. Bb3 Ba7 7. O-O d5 8. exd5
Nxd5 9. Re1 Bg4 10. Nxe5 Be6 11. Qf3 O-O 12. d4 Nde7 13. Nxc6 bxc6 14. Bg5 Qd6
15. Bxe7 Qxe7 16. Qxc6 Rfe8 17. Nd2 Qf6 18. Nf3 Bb6 19. d5 Bd7 20. Qxd7 Rxe1+
21. Rxe1 Kf8 22. Ba4 Qd8 23. Ng5 Qxd7 24. Bxd7 h6 25. Nf3 Rd8 26. Bc6 f6 27. b4
Kf7 28. c4 g5 29. c5 Ba7 30. Nd4 Kg6 31. Re7 Rc8 32. g4 h5 33. Be8+ Rxe8 34.
gxh5+ Kxh5 35. Rxe8 Kg4 36. Nc6 Bxc5 37. bxc5 1-0

[Event "DEM U12w 2019"]
[Site "Willingen GER"]
[Date "2019.06.10"]
[Round "3"]
[White "Stepanjan, Marianne"]
[Black "Prinzen, Siri Marleen"]
[Result "1-0"]
[Termination "normal"]
[Board "11"]
[WhiteElo "1312"]
[BlackElo "1505"]
[PlyCount "125"]
[WhiteFideId "16246110"]
[BlackFideId "16265912"]
[EventCountry "GER"]
[EventRounds "9"]
[EventType "swiss"]
[EventDate "2019.06.08"]

1. e4 c6 2. d4 d5 3. exd5 cxd5 4. Bd3 Nf6 5. h3 Nc6 6. c3 e6 7. Nf3 Be7 8. O-O
O-O 9. Bf4 Bd7 10. Nbd2 Rc8 11. Qc2 Nb4 12. Qb1 Nxd3 13. Qxd3 Qb6 14. b3 Rfd8
15. c4 dxc4 16. bxc4 Bc6 17. Nb3 Bxf3 18. gxf3 Bc5 19. dxc5 Rxd3 20. cxb6 Rxf3
21. Bg3 axb6 22. Rac1 Ne4 23. Kg2 Rf5 24. Rfe1 Nc5 25. Nxc5 Rfxc5 26. Red1 b5
27. Rb1 bxc4 28. Rxb7 Rd5 29. Rc1 h6 30. Rc7 Rc5 31. Rxc8+ Rxc8 32. Rc3 Kf8 33.
Kf3 Ke7 34. Ke4 Ra8 35. a3 Kf6 36. Kd4 Ke7 37. Kxc4 g5 38. Kb4 Kf6 39. a4 Kg6
40. Ra3 f5 41. Be5 g4 42. hxg4 fxg4 43. a5 h5 44. f3 Kf5 45. Bh2 gxf3 46. Rxf3+
Ke4 47. Rf6 Kd5 48. Kb5 h4 49. a6 e5 50. Rb6 h3 51. Rb7 e4 52. Rb8 Rxb8+ 53.
Bxb8 e3 54. a7 e2 55. a8=Q+ Kd4 56. Qa1+ Ke3 57. Qe1 Kd3 58. Bf4 h2 59. Bxh2
Ke3 60. Bg3 Kd3 61. Bf4 Kd4 62. Qxe2 Kd5 63. Qe5# 1-0

[Event "DEM U12w 2019"]
[Site "Willingen GER"]
[Date "2019.06.10"]
[Round "3"]
[White "Vianden, Ella"]
[Black "Eichhorn, Mathilda Sophie"]
[Result "1-0"]
[Termination "normal"]
[Board "13"]
[WhiteElo "1328"]
[BlackElo "1452"]
[PlyCount "63"]
[WhiteFideId "16235592"]
[BlackFideId "16242289"]
[EventCountry "GER"]
[EventRounds "9"]
[EventType "swiss"]
[EventDate "2019.06.08"]

1. e4 e6 2. Nf3 d5 3. Nc3 c5 4. d4 Nc6 5. dxc5 Nf6 6. e5 Nd7 7. Bf4 Bxc5 8. Bd3
h6 9. h4 Qb6 10. O-O Qxb2 11. Nb5 Bb6 12. Bd2 Ba5 13. Rb1 Qxa2 14. Ra1 Qb2 15.
Bxa5 Nxa5 16. Qd2 Nb3 17. cxb3 Qxd2 18. Nxd2 Kd8 19. Nxa7 Ke8 20. Rfc1 Nb6 21.
Nxc8 Rxc8 22. Rxc8+ Nxc8 23. Ra8 Kd7 24. b4 g5 25. h5 Rg8 26. b5 Rg7 27. Kf1 g4
28. f4 Kc7 29. b6+ Nxb6 30. Rh8 Kd7 31. Bb5+ Ke7 32. Re8# 1-0

[Event "DEM U12w 2019"]
[Site "Willingen GER"]
[Date "2019.06.10"]
[Round "3"]
[White "Hubert, Charlotte"]
[Black "Irrgang, Natascha"]
[Result "1-0"]
[Termination "normal"]
[Board "14"]
[WhiteElo "1311"]
[BlackElo "1210"]
[PlyCount "93"]
[WhiteFideId "16265920"]
[BlackFideId "16257545"]
[EventCountry "GER"]
[EventRounds "9"]
[EventType "swiss"]
[EventDate "2019.06.08"]

1. e4 e5 2. Nf3 Nc6 3. Nc3 Nf6 4. d4 exd4 5. Nxd4 Bc5 6. Be3 Bb6 7. Bc4 Ne5 8.
Bb3 c6 9. O-O h6 10. h3 O-O 11. Qd2 Rb8 12. Rad1 Ba5 13. f3 b5 14. Bf4 Re8 15.
Bxe5 Rxe5 16. Nxc6 dxc6 17. Qxd8+ Bxd8 18. Rxd8+ Re8 19. Rxe8+ Nxe8 20. Rd1 Bb7
21. Rd7 Nf6 22. Rxf7 Kh8 23. e5 Nd5 24. Nxd5 cxd5 25. e6 Kh7 26. Rc7 Kg6 27. e7
Kf7 28. Rxb7 Rxb7 29. Bxd5+ Kxe7 30. Bxb7 Kd6 31. Kf2 Ke5 32. Ke3 Kd6 33. Kd4
Ke6 34. g4 Kd6 35. h4 Ke6 36. Kc5 Ke5 37. Kxb5 Kd4 38. c4 Ke5 39. c5 Ke6 40. c6
Kd6 41. h5 Kc7 42. Kc5 a5 43. a4 Kd8 44. Kd6 Ke8 45. c7 Kf7 46. c8=Q Kf6 47.
Qf5# 1-0

[Event "DEM U12w 2019"]
[Site "Willingen GER"]
[Date "2019.06.10"]
[Round "3"]
[White "Ding, Tina"]
[Black "Reddi, Bhuvana"]
[Result "1-0"]
[Termination "normal"]
[Board "15"]
[WhiteElo "1180"]
[BlackElo "1090"]
[PlyCount "39"]
[WhiteFideId "16286987"]
[BlackFideId "16287002"]
[EventCountry "GER"]
[EventRounds "9"]
[EventType "swiss"]
[EventDate "2019.06.08"]

1. c4 e5 2. e4 Nf6 3. d3 Nc6 4. Ne2 Bc5 5. h3 a6 6. Nbc3 O-O 7. g3 Re8 8. Bg2
d6 9. O-O h6 10. Rb1 Be6 11. Nd5 Rc8 12. a3 Qd7 13. Nxf6+ gxf6 14. Kh2 Kh7 15.
Nc3 Rh8 16. Nd5 Kg6 17. Qf3 Nd4 18. Qxf6+ Kh7 19. Qxh6+ Kg8 20. Nf6# 1-0

[Event "DEM U12w 2019"]
[Site "Willingen GER"]
[Date "2019.06.10"]
[Round "3"]
[White "Leongardt, Adel"]
[Black "Peglau, Dora"]
[Result "0-1"]
[Termination "normal"]
[Board "16"]
[WhiteElo "1179"]
[BlackElo "1336"]
[PlyCount "154"]
[WhiteFideId "16256549"]
[BlackFideId "16220005"]
[EventCountry "GER"]
[EventRounds "9"]
[EventType "swiss"]
[EventDate "2019.06.08"]

1. e4 c6 2. d4 d5 3. exd5 cxd5 4. Bd3 Nc6 5. Nf3 Bg4 6. c3 Nf6 7. h3 Bh5 8. O-O
e6 9. Bg5 Bd6 10. Nbd2 O-O 11. Qb3 Qb6 12. Bxf6 gxf6 13. Qc2 Bg6 14. Nb3 Rac8
15. Qd2 Qc7 16. Rad1 Kg7 17. Na1 a6 18. Nc2 b5 19. Ne3 Na5 20. Ng4 Bf4 21. Qe2
Nc4 22. b3 Nb6 23. g3 Bh6 24. Nxh6 Kxh6 25. Qd2+ Kg7 26. Rc1 Qd7 27. Nh2 Bxd3
28. Qxd3 f5 29. Qe3 Qe7 30. g4 Qf6 31. Kh1 Kh8 32. Rg1 Rg8 33. g5 Qe7 34. h4
Qd6 35. Qh3 b4 36. Rg2 bxc3 37. h5 Qf4 38. Rxc3 Rxc3 39. Qxc3 Rxg5 40. Rxg5
Qxg5 41. Qc5 Qd8 42. h6 Kg8 43. Nf3 Nd7 44. Qd6 Qc8 45. Ne5 Nxe5 46. Qxe5 Qc1+
47. Kg2 Qxh6 48. Qb8+ Kg7 49. Qb7 Qg5+ 50. Kf1 Qc1+ 51. Kg2 Qa3 52. Qc7 Qf8 53.
Qa5 Qd6 54. a4 h5 55. b4 Kf8 56. b5 axb5 57. Qxb5 Qf4 58. Qc5+ Kg7 59. a5 Qg4+
60. Kf1 h4 61. Qc7 Qd1+ 62. Kg2 Qg4+ 63. Kf1 Qxd4 64. Qb6 Qd1+ 65. Kg2 Qg4+ 66.
Kh2 h3 67. Qb2+ d4 68. Qb7 d3 69. Qb2+ Kg6 70. f3 Qg2+ 71. Qxg2+ hxg2 72. a6 d2
73. a7 d1=Q 74. a8=Q g1=Q+ 75. Kh3 Qh1+ 76. Kg3 Qde1+ 77. Kf4 e5# 0-1

[Event "DEM U12w 2019"]
[Site "Willingen GER"]
[Date "2019.06.10"]
[Round "3"]
[White "Haarmann, Belanna"]
[Black "Kosak, Karolina"]
[Result "0-1"]
[Termination "normal"]
[Board "17"]
[WhiteElo "1065"]
[BlackElo "1139"]
[PlyCount "126"]
[WhiteFideId "16273508"]
[BlackFideId "14640503"]
[EventCountry "GER"]
[EventRounds "9"]
[EventType "swiss"]
[EventDate "2019.06.08"]

1. e4 e5 2. Nf3 Nc6 3. Bc4 Bc5 4. d3 Nf6 5. Nc3 d6 6. h3 a6 7. a3 Be6 8. Bxe6
fxe6 9. Bg5 h6 10. Bxf6 Qxf6 11. b4 Ba7 12. Rb1 Nd4 13. O-O Qg6 14. Nxd4 Bxd4
15. Ne2 Ba7 16. d4 Qxe4 17. c3 c5 18. Ng3 Qf4 19. Nh5 Qg5 20. Qg4 Qxg4 21. hxg4
g6 22. Nf6+ Ke7 23. Ne4 cxd4 24. cxd4 Bxd4 25. Rfd1 Rac8 26. Rbc1 Bb2 27. Rxc8
Rxc8 28. a4 Rc1 29. Rxc1 Bxc1 30. f3 Be3+ 31. Kf1 d5 32. Ke2 Ba7 33. Nd2 Kd6
34. g3 Kc6 35. Nb3 d4 36. Kd3 Kd5 37. f4 e4+ 38. Kd2 Kc4 39. Na5+ Kxb4 40. Nxb7
Bb6 41. Nd6 e3+ 42. Ke2 Kxa4 43. Nc4 Kb5 44. Na3+ Kb4 45. Nc2+ Kb3 46. Ne1 a5
47. Nd3 a4 48. Nc1+ Kc2 49. Na2 a3 50. Nb4+ Kb2 51. Nd3+ Kc2 52. Nb4+ Kb1 53.
g5 hxg5 54. fxg5 Bc5 55. Nd3 a2 56. Nxc5 a1=Q 57. Kf3 Qa3 58. Ne4 e2+ 59. Kf2
Qe3+ 60. Ke1 Qxe4 61. Kd2 Qe3+ 62. Ke1 d3 63. g4 d2# 0-1

[Event "DEM U12w 2019"]
[Site "Willingen GER"]
[Date "2019.06.10"]
[Round "3"]
[White "Müller, Eva"]
[Black "Scheiding, Sophia"]
[Result "1-0"]
[Termination "normal"]
[Board "18"]
[WhiteElo "1031"]
[BlackElo "1133"]
[PlyCount "111"]
[WhiteFideId "16286995"]
[BlackFideId "16287010"]
[EventCountry "GER"]
[EventRounds "9"]
[EventType "swiss"]
[EventDate "2019.06.08"]

1. e4 e5 2. Nf3 Nc6 3. Bb5 f5 4. d3 fxe4 5. dxe4 Nf6 6. Nbd2 d6 7. O-O Be7 8.
Re1 O-O 9. Nf1 a6 10. Ba4 d5 11. exd5 Nxd5 12. Bb3 Bg4 13. Bxd5+ Kh8 14. Bxc6
bxc6 15. Qxd8 Raxd8 16. Nxe5 Bd7 17. Nxc6 Bxc6 18. Rxe7 Rf6 19. Bg5 Rg6 20. h4
h6 21. Rxc7 Bd5 22. Ng3 hxg5 23. hxg5 Rxg5 24. Kh2 Rd6 25. Rh1 Re5 26. Rc8+ Kh7
27. Kg1+ Kg6 28. b3 Re1+ 29. Kh2 Re7 30. Rd1 Kf7 31. c4 Rh6+ 32. Kg1 Be6 33.
Rc6 Bg4 34. Rxh6 Bxd1 35. Rxa6 Re1+ 36. Kh2 Re8 37. c5 Rh8+ 38. Kg1 Rc8 39. c6
Bc2 40. b4 Bd3 41. Ra7+ Kg8 42. a4 Rxc6 43. b5 Rc1+ 44. Kh2 Rb1 45. Rd7 Bc2 46.
Rd8+ Kh7 47. Ra8 Bb3 48. b6 Bd5 49. Rb8 Bc6 50. a5 Kh6 51. a6 Kg5 52. b7 Ra1
53. Ra8 Rb1 54. b8=Q Rxb8 55. Rxb8 g6 56. a7 1-0

[Event "DEM U12w 2019"]
[Site "Willingen GER"]
[Date "2019.06.10"]
[Round "3"]
[White "Wille, Melanie"]
[Black "Sens, Gerda"]
[Result "1-0"]
[Termination "normal"]
[Board "19"]
[WhiteElo "1083"]
[BlackElo "1018"]
[PlyCount "53"]
[WhiteFideId "16287037"]
[BlackFideId "16287029"]
[EventCountry "GER"]
[EventRounds "9"]
[EventType "swiss"]
[EventDate "2019.06.08"]

1. e4 e5 2. Nf3 Nc6 3. d4 f6 4. Bc4 Nh6 5. O-O d6 6. h3 Na5 7. Bb3 Bd7 8. c3
Bb5 9. Re1 Qd7 10. Na3 Nxb3 11. Qxb3 Ba6 12. c4 O-O-O 13. Nb5 Kb8 14. a4 Be7
15. Be3 b6 16. Rad1 f5 17. dxe5 fxe4 18. Ng5 Rdf8 19. c5 Nf5 20. cxb6 axb6 21.
a5 Bxb5 22. axb6 cxb6 23. Bxb6 Ba4 24. Bc7+ Kxc7 25. Rc1+ Kd8 26. Qb8+ Qc8 27.
Qxc8# 1-0

[Event "DEM U12w 2019"]
[Site "Willingen GER"]
[Date "2019.06.10"]
[Round "3"]
[White "Heuberger, Sandra"]
[Black "Hengst, Sarah"]
[Result "1-0"]
[Termination "normal"]
[Board "20"]
[WhiteElo "1077"]
[BlackElo "958"]
[PlyCount "65"]
[WhiteFideId "16232151"]
[BlackFideId "16286030"]
[EventCountry "GER"]
[EventRounds "9"]
[EventType "swiss"]
[EventDate "2019.06.08"]

1. d4 d5 2. c4 e6 3. Nc3 Nf6 4. Bg5 Be7 5. e3 a6 6. Nf3 h6 7. Bh4 dxc4 8. Bxc4
b5 9. Bb3 Nbd7 10. O-O O-O 11. a3 Bb7 12. Re1 c5 13. Bc2 c4 14. e4 Nxe4 15.
Bxe7 Nxc3 16. bxc3 Qxe7 17. Bb1 Nf6 18. Ra2 Rfd8 19. Rae2 Bxf3 20. gxf3 Nh5 21.
Kh1 Nf4 22. Re4 Nh3 23. Qe2 Qxa3 24. Qc2 Qa4 25. Qd2 Rac8 26. Rg4 b4 27. Rf1
bxc3 28. Qxh6 Nxf2+ 29. Rxf2 g6 30. Bxg6 Qd1+ 31. Kg2 Qxd4 32. Qh7+ Kf8 33.
Qxf7# 1-0